000 00894nac a22003017a 4500
001 BR2011007289
003 BR-BrBNA
005 20240105123925.0
008 230509b bl.|||m| |||| 00| 0 por d
040 _aBR-BrBNA
_bpor
_cBiblioteca Nacional de Agricultura
072 _aE12
090 _aE12 BR2011007289
100 1 _aNunes, L.C. de M.
100 1 _aSantos, S.T.
100 1 _aDantas, O.D.
100 1 _aDuarte, D.H. de O.
110 1 _aEMBRAPA Cerrados, Planaltina, DF (Brasil)
245 1 _aSistema de gestão de horas extras - manual do usuário
260 3 _aPlanaltina, DF (Brasil):
_c2010.
300 _a28 p.
490 _aDocumentos - EMBRAPA Cerrados (Brazil)
_vno. 293
_xISSN 1517-5111
500 _a13 illus.
650 _aGESTÃO
650 _aPESSOA
650 _aINFORMÁTICA
909 _a202312
_bLúcia Elande
_c55
_dLúcia Elande
942 _2AGRIS
_n0
_cMS
999 _c297570
_d297570